U.S. presidential election 2020 republican or democrat? - Statistics

General Stats
  • This quiz has been taken 81 times
  • The average score is 45 of 51
Answer Stats
Hint Answer % Correct
California Democrat
99%
Oregon Democrat
97%
Alaska Republican
97%
Washington Democrat
96%
Montana Republican
96%
Hawaii Democrat
95%
Nevada Democrat
95%
Utah Republican
95%
Idaho Republican
95%
Arizona Democrat
93%
Virginia Democrat
92%
Wyoming Republican
92%
Texas Republican
92%
Kansas Republican
92%
Oklahoma Republican
92%
Nebraska Republican
92%
South Dakota Republican
92%
Iowa Republican
92%
North Dakota Republican
92%
Missouri Republican
92%
Arkansas Republican
92%
Louisiana Republican
92%
Indiana Republican
92%
New Mexico Democrat
90%
Minnesota Democrat
90%
Wisconsin Democrat
90%
Illinois Democrat
90%
Michigan Democrat
90%
Georgia Democrat
90%
Colorado Democrat
89%
Maine Democrat
89%
Ohio Republican
89%
West Virginia Republican
88%
Kentucky Republican
88%
Vermont Democrat
86%
New Hampshire Democrat
86%
Rhode Island Democrat
84%
Tennessee Republican
84%
North Carolina Republican
82%
South Carolina Republican
81%
Alabama Republican
79%
Florida Republican
78%
Massachusetts Democrat
77%
Conneticut Democrat
77%
Washington DC Democrat
74%
New York Democrat
74%
Pennsylvania Democrat
74%
Maryland Democrat
74%
Delaware Democrat
71%
Mississippi Republican
71%
New Jersey Democrat
68%
No matching quizzes found
Score Distribution
Percent of People with Each Score
Percentile by Number Answered
Your Score History
You have not taken this quiz